[Event "Bratislava exe op"]
[Site "Bratislava"]
[Date "2023.09.23"]
[Round "9"]
[White "Pavlovic, Milos"]
[Black "Lecky, Juraj"]
[Result "1-0"]
[WhiteElo "2402"]
[BlackElo "2122"]
[PlyCount "107"]
[EventDate "2023.09.15"]
[EventType "swiss"]
[EventRounds "9"]
[EventCountry "SVK"]
[SourceTitle "EXT 2024"]
[Source "ChessBase"]
[SourceDate "2023.10.10"]
[SourceVersion "1"]
[SourceVersionDate "2023.10.10"]
[SourceQuality "1"]

1. d4 Nf6 2. Nf3 d5 3. c4 e6 4. cxd5 exd5 5. Nc3 c6 6. Bg5 h6 7. Bh4 Bf5 8. e3 Bd6 9. Bd3 Bxd3 10. Qxd3 Nbd7 11. 0-0 0-0 12. Rab1 a5 13. Rfc1 Qb8 14. Qc2 Re8 15. Bg3 Bxg3 16. hxg3 Qd6 17. a3 Ng4 18. Re1 Ndf6 19. e4 dxe4 20. Nxe4 Nxe4 21. Rxe4 Rxe4 22. Qxe4 Nf6 23. Qc2 Nd5 24. Ne5 Ne7 25. Qb3 Rf8 26. Qxb7 Nf5 27. Qxc6 Qxd4 28. Nf3 Qd3 29. Re1 Nd4 30. Nxd4 Qxd4 31. Qc2 Rd8 32. b3 g6 33. Qc7 Qd2 34. Qe7 Rd6 35. Qe3 Kg7 36. Qxd2 Rxd2 37. Re8 Rb2 38. Rb8 Rb1+ 39. Kh2 Rb2 40. f3 h5 41. a4 Kf6 42. Kh3 Rb1 43. g4 Rh1+ 44. Kg3 h4+ 45. Kf4 Rg1 46. Rb6+ Kg7 47. Kg5 Rh1 48. Rb7 Rh2 49. Ra7 Rxg2 50. Kxh4 Rb2 51. Rb7 Kf6 52. Rb6+ Ke5 53. Kg5 Kd4 54. Kf6 1-0

[Event "Bratislava exe op"]
[Site "Bratislava"]
[Date "2023.09.19"]
[Round "5"]
[White "Vasynda, Oleksandr"]
[Black "Lecky, Juraj"]
[Result "1/2-1/2"]
[WhiteElo "1873"]
[BlackElo "2122"]
[PlyCount "38"]
[EventDate "2023.09.15"]
[EventType "swiss"]
[EventRounds "9"]
[EventCountry "SVK"]
[SourceTitle "EXT 2024"]
[Source "ChessBase"]
[SourceDate "2023.10.10"]
[SourceVersion "1"]
[SourceVersionDate "2023.10.10"]
[SourceQuality "1"]

1. d4 Nf6 2. Nf3 d5 3. c4 e6 4. e3 a6 5. b3 c5 6. Bd3 cxd4 7. exd4 Be7 8. 0-0 0-0 9. Bb2 b6 10. Nc3 Bb7 11. Rc1 Nc6 12. cxd5 Nxd5 13. Nxd5 Qxd5 14. Re1 Rfd8 15. Be4 Qd6 16. Ne5 Nxe5 17. Bxb7 Ra7 18. dxe5 Qxd1 19. Rexd1 Rxd1+ 1/2-1/2

[Event "Piestany op-A"]
[Site "Piestany"]
[Date "2023.07.19"]
[Round "9"]
[White "Lecky, Juraj"]
[Black "Tancsa, Tamas"]
[Result "0-1"]
[WhiteElo "2107"]
[BlackElo "2240"]
[PlyCount "52"]
[EventDate "2023.07.11"]
[EventType "swiss"]
[EventRounds "9"]
[EventCountry "SVK"]
[SourceTitle "EXT 2024"]
[Source "ChessBase"]
[SourceDate "2023.10.10"]
[SourceVersion "1"]
[SourceVersionDate "2023.10.10"]
[SourceQuality "1"]

1. d4 Nf6 2. c4 e6 3. Nf3 Bb4+ 4. Bd2 c5 5. Bxb4 cxb4 6. a3 bxa3 7. Rxa3 d6 8. Nc3 Nbd7 9. e4 0-0 10. Bd3 e5 11. 0-0 exd4 12. Nxd4 Ne5 13. h3 Qb6 14. Nc2 Be6 15. b3 Qc5 16. Na4 Qc8 17. Re1 Bxh3 18. gxh3 Qxh3 19. Re3 Qh4 20. Rg3 Nh5 21. Rg2 Nf4 22. Ne1 f5 23. Rg3 fxe4 24. Bf1 e3 25. Nf3 exf2+ 26. Kxf2 Ng4+ 0-1

[Event "Piestany op-A"]
[Site "Piestany"]
[Date "2023.07.18"]
[Round "8"]
[White "Fizer, Marek"]
[Black "Lecky, Juraj"]
[Result "1/2-1/2"]
[WhiteElo "2137"]
[BlackElo "2107"]
[PlyCount "97"]
[EventDate "2023.07.11"]
[EventType "swiss"]
[EventRounds "9"]
[EventCountry "SVK"]
[SourceTitle "EXT 2024"]
[Source "ChessBase"]
[SourceDate "2023.10.10"]
[SourceVersion "1"]
[SourceVersionDate "2023.10.10"]
[SourceQuality "1"]

1. e4 c5 2. Nf3 d6 3. Bb5+ Nd7 4. a4 Ngf6 5. Nc3 g6 6. 0-0 Bg7 7. a5 a6 8. Be2 0-0 9. d3 b5 10. axb6 a5 11. Be3 Nxb6 12. Qd2 Ng4 13. Bg5 h6 14. h3 hxg5 15. hxg4 Bxc3 16. bxc3 f6 17. Rfb1 Kg7 18. d4 Qc7 19. d5 Bd7 20. c4 a4 21. Qc3 Kf7 22. Ra3 Rfb8 23. Nd2 Qc8 24. Qh3 Kg7 25. Qh2 Qc7 26. f4 Rh8 27. Qg3 gxf4 28. Qxf4 g5 29. Qf2 Rh6 30. Nf1 Rb8 31. Rd1 Rbh8 32. Ng3 Kf7 33. e5 dxe5 34. Nh5 Nc8 35. Re3 Qb8 36. d6 Nxd6 37. Rxe5 a3 38. Rxg5 Rxh5 39. Rxh5 Rxh5 40. gxh5 Ne4 41. Qe3 Qe5 42. h6 a2 43. h7 Kg7 44. h8Q+ Kxh8 45. Qh6+ Kg8 46. Qg6+ Kh8 47. Qh6+ Kg8 48. Qg6+ Kh8 49. Qh6+ 1/2-1/2

[Event "Piestany op-A"]
[Site "Piestany"]
[Date "2023.07.13"]
[Round "3"]
[White "Lecky, Juraj"]
[Black "Winkelman, Albert"]
[Result "1/2-1/2"]
[WhiteElo "2107"]
[BlackElo "2288"]
[PlyCount "91"]
[EventDate "2023.07.11"]
[EventType "swiss"]
[EventRounds "9"]
[EventCountry "SVK"]
[SourceTitle "EXT 2024"]
[Source "ChessBase"]
[SourceDate "2023.10.10"]
[SourceVersion "1"]
[SourceVersionDate "2023.10.10"]
[SourceQuality "1"]

1. d4 d5 2. c4 c6 3. Nc3 Nf6 4. e3 e6 5. Nf3 Nbd7 6. Be2 dxc4 7. a4 Bb4 8. Bxc4 0-0 9. 0-0 Qe7 10. Qc2 e5 11. e4 exd4 12. Ne2 Nxe4 13. Nexd4 Ndf6 14. Bf4 a6 15. Qb3 c5 16. Nc2 Ba5 17. Rad1 Bc7 18. Bc1 Bg4 19. Rfe1 Ba5 20. Re2 Qc7 21. h3 Bh5 22. g4 Bg6 23. Ne3 Nd6 24. Ne5 b5 25. Bd5 Rae8 26. Nxg6 hxg6 27. Qc2 Bb6 28. Bf3 Ba7 29. g5 Nh5 30. Nd5 Qb8 31. Bxh5 gxh5 32. Bf4 Qd8 33. Bxd6 Qxg5+ 34. Kf1 Qh4 35. Qc3 Rxe2 36. Kxe2 Re8+ 37. Ne3 c4 38. Rg1 Bd4 39. Qd2 Qf6 40. Ba3 c3 41. bxc3 Bxc3 42. Qd6 Qxd6 43. Bxd6 bxa4 44. Rc1 Be5 45. Rc6 Re6 46. Rc8+ 1/2-1/2

[Event "SVK-chT2B 2223"]
[Site "Slovakia"]
[Date "2023.01.15"]
[Round "7.2"]
[White "Lecky, Juraj"]
[Black "Hanko, Pavol"]
[Result "1-0"]
[WhiteElo "2070"]
[BlackElo "2098"]
[PlyCount "59"]
[EventDate "2022.10.08"]
[EventType "team-tourn"]
[EventRounds "11"]
[EventCountry "SVK"]
[SourceTitle "EXT 2024"]
[Source "ChessBase"]
[SourceDate "2023.10.10"]
[SourceVersion "1"]
[SourceVersionDate "2023.10.10"]
[SourceQuality "1"]
[WhiteTeam "Levice II"]
[BlackTeam "Prievidza"]
[WhiteTeamCountry "SVK"]
[BlackTeamCountry "SVK"]

1. d4 Nf6 2. c4 g6 3. Nc3 Bg7 4. e4 d6 5. Nf3 0-0 6. Be2 e5 7. Be3 Ng4 8. Bg5 f6 9. Bc1 c6 10. d5 c5 11. h3 Nh6 12. g4 Nf7 13. Rg1 Ng5 14. Nxg5 fxg5 15. Be3 a6 16. Qd2 Bf6 17. h4 gxh4 18. g5 Bg7 19. Bg4 b5 20. 0-0-0 bxc4 21. Be6+ Kh8 22. Rh1 h3 23. Rxh3 Qe7 24. Rdh1 Bxe6 25. Rxh7+ Kg8 26. dxe6 Qxe6 27. Nd5 Rf7 28. f3 Rb7 29. Qh2 Qd7 30. Nf6+ 1-0

[Event "SVK-ch Blitz"]
[Site "Nitra"]
[Date "2022.10.29"]
[Round "9"]
[White "Shagbazyan, Taron"]
[Black "Lecky, Juraj"]
[Result "1-0"]
[WhiteElo "2510"]
[BlackElo "2005"]
[PlyCount "60"]
[EventDate "2022.10.29"]
[EventType "swiss"]
[EventRounds "13"]
[EventCountry "SVK"]
[SourceTitle "EXT 2024"]
[Source "ChessBase"]
[SourceDate "2023.10.10"]
[SourceVersion "1"]
[SourceVersionDate "2023.10.10"]
[SourceQuality "1"]

1. d4 Nf6 2. c4 e6 3. Nc3 Bb4 4. e3 0-0 5. Bd3 d5 6. Nf3 c5 7. 0-0 dxc4 8. Bxc4 cxd4 9. exd4 b6 10. Qe2 Bb7 11. Rd1 Nbd7 12. Bd3 Rc8 13. Bd2 Re8 14. Rac1 Qe7 15. a3 Bd6 16. Ne5 Nd5 17. Bb5 Bxe5 18. dxe5 Red8 19. Re1 Nc5 20. Rcd1 a6 21. Bc4 b5 22. Ba2 Nxc3 23. Bxc3 Ne4 24. Ba5 Rxd1 25. Rxd1 Qc5 26. Bb1 f5 27. exf6 Nxf6 28. Qxe6+ Kh8 29. Bc3 Re8 30. Qh3 Ne4 1-0

[Event "SVK-chT2B 2122"]
[Site "Slovakia"]
[Date "2022.04.30"]
[Round "10.2"]
[White "Lecky, Juraj"]
[Black "Reisel, Frantisek"]
[Result "1/2-1/2"]
[WhiteElo "2067"]
[BlackElo "1904"]
[PlyCount "69"]
[EventDate "2021.10.16"]
[EventType "team-tourn"]
[EventRounds "11"]
[EventCountry "SVK"]
[SourceTitle "EXT 2023"]
[Source "ChessBase"]
[SourceDate "2022.10.05"]
[SourceVersion "1"]
[SourceVersionDate "2022.10.05"]
[SourceQuality "1"]
[WhiteTeam "Levice"]
[BlackTeam "Prievidza"]
[WhiteTeamCountry "SVK"]
[BlackTeamCountry "SVK"]

1. Nf3 d5 2. e3 Nf6 3. b3 Bg4 4. h3 Bh5 5. g4 Bg6 6. g5 Ng8 7. Ne5 Nd7 8. Nxg6 hxg6 9. Bg2 c6 10. Bb2 e6 11. h4 Ne7 12. d4 Nf5 13. Qg4 Bb4+ 14. c3 Bd6 15. Nd2 Qe7 16. e4 dxe4 17. Nxe4 Ba3 18. 0-0-0 0-0-0 19. Kb1 Bxb2 20. Kxb2 Nb6 21. Ng3 Qc7 22. Nxf5 gxf5 23. Qf3 g6 24. c4 Kb8 25. Qe3 Rd7 26. f4 Rhd8 27. Bf3 Nc8 28. h5 gxh5 29. Bxh5 Re7 30. Bf3 Nb6 31. Qe5 Nd7 32. Qxc7+ Kxc7 33. Kc3 Nf8 34. Bh5 Red7 35. Rhg1 1/2-1/2

[Event "SVK Club Cup"]
[Site "Kremnica"]
[Date "2021.09.19"]
[Round "7.10"]
[White "Nagy, Gabor"]
[Black "Lecky, Juraj"]
[Result "1-0"]
[WhiteElo "2520"]
[BlackElo "2066"]
[PlyCount "55"]
[EventDate "2021.09.15"]
[EventType "team-tourn"]
[EventRounds "7"]
[EventCountry "SVK"]
[SourceTitle "CBM 204 Extra"]
[Source "ChessBase"]
[SourceDate "2021.11.30"]
[SourceVersion "1"]
[SourceVersionDate "2021.11.30"]
[SourceQuality "1"]
[WhiteTeam "Modra"]
[BlackTeam "Levice"]
[WhiteTeamCountry "SVK"]
[BlackTeamCountry "SVK"]

1. Nf3 d5 2. e3 Nf6 3. c4 c6 4. d4 e6 5. Bd3 Nbd7 6. 0-0 Bd6 7. Nc3 0-0 8. b3 e5 9. cxd5 cxd5 10. Nb5 Bb8 11. dxe5 Nxe5 12. Be2 Nxf3+ 13. Bxf3 a6 14. Nd4 Qd6 15. g3 Re8 16. Bb2 Ne4 17. Ne2 Bh3 18. Re1 Qh6 19. Nf4 Be6 20. Bg2 Ba7 21. Rc1 Bb6 22. Bd4 Ba5 23. Re2 g5 24. Nxe6 Qxe6 25. Rec2 Rac8 26. Bxe4 dxe4 27. Qh5 f6 28. Bxf6 1-0

[Event "SVK Club Cup"]
[Site "Kremnica"]
[Date "2021.09.15"]
[Round "1.10"]
[White "Lecky, Juraj"]
[Black "Haring, Filip"]
[Result "0-1"]
[WhiteElo "2066"]
[BlackElo "2375"]
[PlyCount "66"]
[EventDate "2021.09.15"]
[EventType "team-tourn"]
[EventRounds "7"]
[EventCountry "SVK"]
[SourceTitle "CBM 204 Extra"]
[Source "ChessBase"]
[SourceDate "2021.11.30"]
[SourceVersion "1"]
[SourceVersionDate "2021.11.30"]
[SourceQuality "1"]
[WhiteTeam "Levice"]
[BlackTeam "Liptov Chess School"]
[WhiteTeamCountry "SVK"]
[BlackTeamCountry "SVK"]

1. d4 Nf6 2. Nf3 e6 3. c4 b6 4. g3 Bb7 5. Bg2 c5 6. d5 exd5 7. Nh4 g6 8. Nc3 Bg7 9. cxd5 0-0 10. 0-0 d6 11. e4 Nbd7 12. Re1 Ne8 13. f4 a6 14. a4 c4 15. Be3 Nc5 16. Bxc5 bxc5 17. a5 Nc7 18. e5 Re8 19. Ne4 dxe5 20. d6 Nb5 21. f5 Nd4 22. d7 Rf8 23. f6 Bh8 24. Nxc5 Bxg2 25. Kxg2 Bxf6 26. Nf3 Qc7 27. Ne4 Bg7 28. Rc1 Qxd7 29. Nfd2 f5 30. Nc3 f4 31. Nxc4 f3+ 32. Kf2 Qh3 33. Nxe5 Qg2+ 0-1